000 00569nam a2200181Ia 4500
003 GCL
008 140319s9999 xx 000 0 ara d
040 _aGCL /
_cGCL
082 0 4 _a155.234
_bم س
100 1 _aمجدى احمد محمد عبدالله
245 1 0 _aالسلوك الاجتماعى ودينامياته محاولة تفسيرية /
_cمجدى احمد محمد عبدالله
300 _a318
490 _aكتاب
_v0
650 0 4 _aالمجتمع
650 0 4 _aالسلوك
650 0 4 _aعلم النفس الاجتماعى
942 _2ddc
_cBK
999 _c43300
_d43300